[Event "Asian-ch Seniors 65"]
[Site "Chess.com INT"]
[Date "2020.07.20"]
[Round "2.9"]
[White "Hazrat, Ali"]
[Black "Kameswaran, Visweswaran"]
[Result "0-1"]
[WhiteElo "1753"]
[BlackElo "1625"]
[PlyCount "106"]
[EventDate "2020.07.20"]
[EventType "swiss"]
[EventRounds "9"]
[EventCountry "UAE"]
[SourceTitle "EXT 2024"]
[Source "ChessBase"]
[SourceDate "2023.10.10"]
[SourceVersion "1"]
[SourceVersionDate "2023.10.10"]
[SourceQuality "1"]

1. e4 e5 2. Bc4 Nf6 3. d3 Nc6 4. Ne2 d5 5. exd5 Nxd5 6. Bxd5 Qxd5 7. 0-0 Bg4 8. Nbc3 Qd7 9. Be3 0-0-0 10. f3 Bh5 11. Ne4 f5 12. N4c3 f4 13. Bf2 g5 14. h3 Bg6 15. Ne4 Be7 16. Qe1 h5 17. Kh2 g4 18. Bg1 gxh3 19. gxh3 Bf5 20. Nf2 Bh4 21. Qd2 Bxh3 22. Nxh3 Rhg8 23. Bf2 Qe7 24. Rg1 Bxf2 25. Nxf2 Qh4+ 26. Nh3 Nd4 27. Nxd4 Rg3 28. Rxg3 Qxg3+ 29. Kh1 Qxh3+ 30. Qh2 Qxh2+ 31. Kxh2 Rxd4 32. Re1 Rd5 33. Kh3 Kd7 34. Rg1 Ra5 35. a3 Rb5 36. b3 Rc5 37. c4 Rc6 38. Rg7+ Kd6 39. b4 b6 40. Rg5 b5 41. cxb5 Rc3 42. Rg6+ Kd5 43. a4 Rxd3 44. Kg2 Rd2+ 45. Kf1 Kc4 46. Ra6 Kxb4 47. Rxa7 Rc2 48. Ke1 h4 49. Kf1 h3 50. Kg1 h2+ 51. Kh1 Rf2 52. Rxc7 Rxf3 53. b6 Kxa4 0-1

[Event "Asian-ch Seniors 65"]
[Site "Chess.com INT"]
[Date "2020.07.20"]
[Round "9.8"]
[White "Isaac, Ceferino"]
[Black "Kameswaran, Visweswaran"]
[Result "0-1"]
[WhiteElo "1877"]
[BlackElo "1625"]
[PlyCount "80"]
[EventDate "2020.07.20"]
[EventType "swiss"]
[EventRounds "9"]
[EventCountry "UAE"]
[SourceTitle "EXT 2024"]
[Source "ChessBase"]
[SourceDate "2023.10.10"]
[SourceVersion "1"]
[SourceVersionDate "2023.10.10"]
[SourceQuality "1"]

1. e3 e5 2. b3 d5 3. Bb2 Nf6 4. Ne2 Nc6 5. g3 Bd6 6. Bg2 0-0 7. 0-0 Bf5 8. Nbc3 Qd7 9. Nxd5 Nxd5 10. Bxd5 Nb4 11. e4 Bh3 12. Re1 c6 13. Bc4 b5 14. Bd3 Nxd3 15. cxd3 f5 16. f3 Bc5+ 17. d4 exd4 18. d3 fxe4 19. Nf4 exf3 20. Qxf3 g5 21. Qh5 gxf4 22. Qxc5 fxg3 23. Qxd4 Qxd4+ 24. Bxd4 g2 25. Bf2 Rf3 26. Re3 Raf8 27. Rxf3 Rxf3 28. d4 Kf7 29. Re1 Kf6 30. Re3 Rxe3 31. Bxe3 a6 32. b4 Kf5 33. Kf2 Ke4 34. a3 h5 35. Ke2 Bg4+ 36. Kf2 Bf3 37. h4 Bg4 38. Bg5 Bf3 39. Be3 g1Q+ 40. Kxg1 Kxe3 0-1

[Event "Asian-ch Seniors 65"]
[Site "Chess.com INT"]
[Date "2020.07.20"]
[Round "1.4"]
[White "Kameswaran, Visweswaran"]
[Black "Ziyaev, Negmat"]
[Result "0-1"]
[WhiteElo "1625"]
[BlackElo "2038"]
[PlyCount "98"]
[EventDate "2020.07.20"]
[EventType "swiss"]
[EventRounds "9"]
[EventCountry "UAE"]
[SourceTitle "EXT 2024"]
[Source "ChessBase"]
[SourceDate "2023.10.10"]
[SourceVersion "1"]
[SourceVersionDate "2023.10.10"]
[SourceQuality "1"]

1. e4 c5 2. Nc3 Nc6 3. g3 g6 4. Bg2 Bg7 5. d3 e6 6. Nge2 Nge7 7. 0-0 0-0 8. f4 d5 9. e5 b6 10. d4 Ba6 11. a4 Rc8 12. Nb5 Nf5 13. c3 Qd7 14. g4 Nfe7 15. Be3 Na5 16. Nd6 Rc7 17. f5 exf5 18. gxf5 gxf5 19. Bh3 Nc4 20. Bg5 Nxd6 21. exd6 Qxd6 22. Bf4 Qe6 23. Bxc7 Bxe2 24. Qe1 Bxf1 25. Qxe6 fxe6 26. Kxf1 cxd4 27. cxd4 Bxd4 28. Re1 Kf7 29. Bd6 Re8 30. b3 Bc5 31. Bxc5 bxc5 32. Rc1 Rc8 33. Bg2 Ng6 34. b4 c4 35. b5 Ne5 36. Ke2 Nd3 37. Rg1 Rg8 38. Kf3 e5 39. Ke3 Nf4 40. Kf2 Rxg2+ 41. Rxg2 Nxg2 42. Kxg2 c3 43. a5 c2 44. b6 axb6 45. axb6 c1Q 46. Kh3 Qb2 47. Kh4 Qxb6 48. Kg5 Qg6+ 49. Kh4 Qg4# 0-1

[Event "North American op 21st"]
[Site "Las Vegas"]
[Date "2011.12.29"]
[Round "6"]
[White "Kameswaran, Visweswaran"]
[Black "Rodriguez, Eric"]
[Result "1-0"]
[WhiteElo "2306"]
[BlackElo "2382"]
[PlyCount "97"]
[EventDate "2011.12.26"]
[EventType "swiss"]
[EventRounds "7"]
[EventCountry "USA"]
[SourceTitle "CBM 146 Extra"]
[Source "ChessBase"]
[SourceDate "2012.02.29"]
[SourceVersion "1"]
[SourceVersionDate "2012.02.29"]
[SourceQuality "1"]

1. e4 c5 2. Nc3 e6 3. Nf3 d6 4. d4 cxd4 5. Nxd4 Nf6 6. Be2 Be7 7. 0-0 0-0 8. f4 Nc6 9. Be3 e5 10. Nf5 Bxf5 11. exf5 exf4 12. Rxf4 d5 13. Kh1 Bd6 14. Rf1 Bxh2 15. Kxh2 d4 16. Bf4 dxc3 17. bxc3 Nd5 18. Bd2 Qf6 19. Rb1 Rad8 20. Bd3 Ne5 21. Qe1 Qd6 22. Qg3 Nxd3 23. Qxd6 Rxd6 24. cxd3 Nb6 25. Rf3 Rfd8 26. d4 f6 27. Re1 Rd5 28. Re2 Nc4 29. Bc1 Kf7 30. g4 h6 31. Kg3 R8d7 32. Rff2 Ra5 33. Kf3 Rb5 34. Rf1 Rb1 35. Rfe1 Rb5 36. Re8 h5 37. Bf4 hxg4+ 38. Kxg4 Rb2 39. Rc8 Nd6 40. Bxd6 Rxd6 41. Rc7+ Kf8 42. Rh1 Kg8 43. Rc8+ Kf7 44. Rhh8 Ke7 45. Rhg8 Kd7 46. d5 Rxa2 47. c4 Rd2 48. Kh5 b5 49. Kg6 1-0

[Event "North American op 21st"]
[Site "Las Vegas"]
[Date "2011.12.28"]
[Round "5"]
[White "Molner, Mackenzie"]
[Black "Kameswaran, Visweswaran"]
[Result "1-0"]
[WhiteElo "2455"]
[BlackElo "2306"]
[PlyCount "181"]
[EventDate "2011.12.26"]
[EventType "swiss"]
[EventRounds "7"]
[EventCountry "USA"]
[SourceTitle "CBM 146 Extra"]
[Source "ChessBase"]
[SourceDate "2012.02.29"]
[SourceVersion "1"]
[SourceVersionDate "2012.02.29"]
[SourceQuality "1"]

1. e4 c5 2. Nf3 d6 3. d4 cxd4 4. Nxd4 Nf6 5. Nc3 a6 6. Bg5 e6 7. f4 Qc7 8. Bxf6 gxf6 9. Qd2 Nc6 10. 0-0-0 Bd7 11. Be2 h5 12. Nb3 0-0-0 13. Kb1 Kb8 14. Rhf1 h4 15. Rf3 Na5 16. Rh3 Nxb3 17. axb3 Be7 18. Qe1 Rdg8 19. Bf3 Qd8 20. f5 Qa5 21. Rxh4 Qe5 22. Rxh8 Rxh8 23. h3 Bc6 24. Qd2 Bf8 25. Qd3 Be7 26. Ne2 Rh4 27. Nc3 Qg3 28. Rf1 Qe5 29. Bg4 Bd8 30. Rd1 Bc7 31. Qd4 Rh6 32. b4 Qxd4 33. Rxd4 Bd7 34. Ne2 Bb5 35. Rd2 e5 36. Nc3 Bc6 37. Kc1 Kc8 38. Kd1 Kd7 39. Ke2 Bb6 40. Kd3 Bd4 41. Ne2 Bf2 42. c4 Be1 43. Rd1 Bxb4 44. Bf3 Ke7 45. Nc3 Rh8 46. Rb1 Rc8 47. Na2 Bc5 48. b4 Bd4 49. Kd2 Ba4 50. Be2 Bc6 51. Bd3 Rg8 52. g4 Rh8 53. b5 axb5 54. cxb5 Bd7 55. Bf1 d5 56. exd5 Ra8 57. Nc3 Ra3 58. Ne4 Be3+ 59. Kc2 Bd4 60. d6+ Kd8 61. h4 Ra2+ 62. Kd1 Rh2 63. h5 Rh4 64. Nxf6 e4 65. Nxd7 Kxd7 66. Rb4 Be5 67. Rxe4 Kxd6 68. Bg2 Rh2 69. Re2 b6 70. Ke1 Bd4 71. Rd2 Ke5 72. Rxd4 Rxg2 73. Kf1 Rb2 74. Rd8 Kf4 75. Rg8 Rxb5 76. Ke2 Rb3 77. f6 Rh3 78. g5 Rh2+ 79. Kd3 Kf5 80. h6 b5 81. g6 Rh3+ 82. Kc2 Rh2+ 83. Kc3 Rh3+ 84. Kb4 Kxf6 85. h7 fxg6 86. h8Q+ Rxh8 87. Rxh8 g5 88. Kc3 Kf5 89. Kd2 b4 90. Ke2 g4 91. Rb8 1-0

[Event "Ken Smith Memorial op"]
[Site "Dallas"]
[Date "2001.02.24"]
[Round "3"]
[White "Kameswaran, Visweswaran"]
[Black "Young, Steven D"]
[Result "1-0"]
[WhiteElo "2339"]
[BlackElo "1889"]
[PlyCount "47"]
[EventDate "2001.02.23"]
[EventType "swiss"]
[EventRounds "5"]
[EventCountry "USA"]
[SourceTitle "EXT 2005"]
[Source "ChessBase"]
[SourceDate "2004.11.15"]
[SourceVersion "1"]
[SourceVersionDate "2004.11.15"]
[SourceQuality "1"]

1. e4 e6 2. d4 d5 3. Nc3 Bb4 4. e5 c5 5. a3 Bxc3+ 6. bxc3 Qa5 7. Bd2 Qa4 8. Qg4 Ne7 9. Bd3 h5 10. Qf4 b6 11. Nf3 Ba6 12. Ng5 Rf8 13. 0-0 Nbc6 14. Bxa6 Qxa6 15. a4 cxd4 16. cxd4 Na5 17. Bb4 Nac6 18. Bd6 Qb7 19. Rfb1 Na5 20. Qf3 Nc4 21. Qxh5 Nxd6 22. exd6 Nf5 23. Nxe6 g6 24. Qh7 1-0